000
00397nam a2200133Ia 4500
008
151001s9999||||xx |||||||||||||| ||und||
100
_a
एस आर सिंह
245
_a
भारतीय सामाजिक विकास और हिंदी उपन्यास
250
_a
1
260
_b
अभिव्यक्ती
260
_c
2012
300
_a
160
365
_b
21
999
_c
999263
_d
999260